Datum a čas kvízu
27.5
Celkem bodů
Celkový počet nahraných bodů na tomto kvízu bez doplňovacích otázek.
4.
Pořadí na kvízu
Konečné umístění týmu na tomto kvízu.
Zaznamenané odpovědi
| # | Otázka | Odpověď | Body | Výsledky |
|---|---|---|---|---|
| 1. | Který 63letý muž se ve čtvrtek... | Jiří Kajínek | 1 | |
| 2. | Které tři evropské země uznaly... | Norsko, Španělsko, Irsko | 1 | |
| 3. | Která hollywoodská herečka si... | Scarlett Johansson | 0 | |
| 4. | Je možné, že si v brzké době p... | Mondeléz (Mondeléz International) | 1 | |
| 5. | „Bohužel nemám dobré zprávy. K... | Patrik Kincl | 0 | |
| 6. | Jak se nazývají dva nejdůležit... | Franská říše, Byzantská (Východořímská) říše | 0 | |
| 7. | Jak se jmenoval významný střed... | Vilém I. Dobyvatel | 0 | |
| 8. | Kdo byl zakladatelem a prvním... | Bořivoj | 0 | |
| 9. | Vytvořte z těchto středověkých... | 1A 2C 3D 4B | 0 | |
| 10. | Závěrem tématu se podíváme na... | tulipán | 0 |